Normal view
MARC view
- Abeeha Shafiq
Entry Personal Name
001 - CONTROL NUMBER
- control field: 5608
003 - CONTROL NUMBER IDENTIFIER
- control field: NUST
005 - DATE AND TIME OF LATEST TRANSACTION
- control field: 20171024160947.0
008 - FIXED-LENGTH DATA ELEMENTS
- fixed length control field: 171024|| aca||aabn | a|a d
040 ## - CATALOGING SOURCE
- Original cataloging agency: NUST
- Transcribing agency: NUST
100 ## - HEADING--PERSONAL NAME
- Personal name: Abeeha Shafiq
670 ## - SOURCE DATA FOUND
- Source citation: Work cat.: (NUST): Abeeha Shafiq, Forenic handwriting analysis (SIGVI), 2017
